Statistics for Countries Closest to Poland by first 2 letters

Click here to take the quiz!

General Stats

  • This quiz has been taken 243 times
  • The average score is 16 of 20

Answer Stats

kmcountrymiles% Correct
0Germany0
98%
0Lithuania0
95%
0Slovakia0
94%
345Slovenia214
94%
190Latvia118
93%
0Russia0
93%
0Belarus0
91%
396Estonia246
90%
0Ukraine0
90%
154Sweden96
88%
0Czechia0
87%
76Hungary47
85%
143Austria89
83%
94Denmark59
75%
101Romania63
75%
287Moldova178
70%
370Croatia230
65%
464Netherlands288
61%
334Serbia208
59%
454Italy282
49%

Score Distribution

Percentile by Number Answered

Percent of People with Each Score

Your Score History

You have not taken this quiz